[Event "Albacete op U2300 1st"]
[Site "Albacete"]
[Date "2012.05.01"]
[Round "8"]
[White "Sos Andreu, Eric"]
[Black "Ivanov, Stojan Emilov"]
[Result "0-1"]
[WhiteElo "2143"]
[BlackElo "2264"]
[PlyCount "100"]
[EventDate "2012.04.27"]
[EventType "swiss"]
[EventRounds "9"]
[EventCountry "ESP"]
[SourceTitle "EXT 2014"]
[Source "ChessBase"]
[SourceDate "2013.11.20"]
[SourceVersion "1"]
[SourceVersionDate "2013.11.20"]
[SourceQuality "1"]

1. c4 c6 2. e4 d5 3. exd5 cxd5 4. d4 Nf6 5. Nc3 Nc6 6. Bg5 e6 7. Nf3 dxc4 8. Bxc4 Be7 9. 0-0 0-0 10. a3 Bd7 11. Qd3 Rc8 12. Rad1 Nd5 13. Bd2 Nxc3 14. Bxc3 Bf6 15. Ba2 Ne7 16. Bb4 a5 17. Bxe7 Qxe7 18. Rfe1 Ba4 19. Rd2 Qc7 20. h4 Bc6 21. Ng5 Bxg5 22. hxg5 Qf4 23. Qe3 Qg4 24. f3 Qh4 25. Rf1 Rfd8 26. Qe5 Bd5 27. Bb1 f6 28. gxf6 gxf6 29. Qe3 Kf7 30. g4 Rg8 31. Rh2 Qg3+ 32. Rg2 Qh4 33. Qf4 h6 34. Qd6 Rgd8 35. Qb6 Qg5 36. Qxa5 Bc4 37. Qxg5 hxg5 38. Rd1 Bb3 39. Rd3 Rc1+ 40. Kh2 Rh8+ 41. Kg3 Bd5 42. Bc2 f5 43. gxf5 exf5 44. Rc3 f4+ 45. Kf2 Kf6 46. Ke2 Rh3 47. Rf2 g4 48. Kd2 g3 49. Re2 Rh2 50. Bd1 Rxc3 0-1

[Event "Corsica Masters op 15th"]
[Site "Bastia"]
[Date "2011.10.26"]
[Round "6"]
[White "Mamedov, Rauf"]
[Black "Ivanov, Stojan Emilov"]
[Result "1-0"]
[WhiteElo "2660"]
[BlackElo "2221"]
[PlyCount "149"]
[EventDate "2011.10.22"]
[EventType "swiss"]
[EventRounds "9"]
[EventCountry "FRA"]
[SourceTitle "EXT 2012"]
[Source "ChessBase"]
[SourceDate "2011.11.24"]
[SourceVersion "1"]
[SourceVersionDate "2011.11.24"]
[SourceQuality "1"]

1. e4 c5 2. Nf3 e6 3. d4 cxd4 4. Nxd4 a6 5. Bd3 d6 6. 0-0 Nf6 7. Kh1 Nc6 8. Be3 e5 9. Nf3 Be7 10. c4 0-0 11. Nc3 Bg4 12. h3 Bh5 13. Rc1 Rc8 14. b3 Kh8 15. Rg1 Re8 16. g4 Bg6 17. Nh4 Bf8 18. Nf5 Nd4 19. Ng3 b5 20. g5 bxc4 21. bxc4 Nd7 22. Nd5 Nc5 23. Bb1 Rb8 24. Qg4 Qc8 25. Kg2 Rb2 26. Qxc8 Rxc8 27. h4 Ne2 28. Nxe2 Rxe2 29. Rh1 Bh5 30. Bc2 Bg6 31. Nc3 Rxc2 32. Rxc2 Nxe4 33. Rhc1 Rxc4 34. Nd5 Rxc2 35. Rxc2 Nxg5 36. Rc8 Ne6 37. f3 h6 38. a4 Kh7 39. a5 Bd3 40. h5 g6 41. Ra8 gxh5 42. Nb4 Bc4 43. Nxa6 d5 44. Nc7 Nxc7 45. Rxf8 Kg7 46. Rc8 Na6 47. Rc6 f6 48. Bf2 f5 49. f4 exf4 50. Bd4+ Kf7 51. Kf3 Ke7 52. Kxf4 Kd7 53. Rxh6 Nb4 54. Kxf5 Na6 55. Ke5 Kc7 56. Bb6+ Kc8 57. Kd6 Kb7 58. Rh7+ Kb8 59. Rxh5 Kb7 60. Bd4 Kb8 61. Rh7 Kc8 62. Ba7 Nb4 63. Rc7+ Kd8 64. Bb6 Ke8 65. Re7+ Kf8 66. Bd4 Kg8 67. Rb7 Na6 68. Ke7 Kh7 69. Kf6+ Kh6 70. Bf2 Kh5 71. Rg7 Kh6 72. Rg4 Kh7 73. Rh4+ Kg8 74. Bd4 Nb8 75. Ke6 1-0

[Event "Zadar op-A 17th"]
[Site "Zadar"]
[Date "2010.12.18"]
[Round "9"]
[White "Ivanov, Stojan Emilov"]
[Black "Titz, Heimo"]
[Result "0-1"]
[WhiteElo "2205"]
[BlackElo "2203"]
[PlyCount "156"]
[EventDate "2010.12.12"]
[EventType "swiss"]
[EventRounds "9"]
[EventCountry "CRO"]
[SourceTitle "CBM 139 Extra"]
[Source "ChessBase"]
[SourceDate "2011.01.05"]
[SourceVersion "1"]
[SourceVersionDate "2011.01.05"]
[SourceQuality "1"]

1. Nf3 c5 2. g3 g6 3. Bg2 Bg7 4. 0-0 Nc6 5. c4 d6 6. Nc3 Nf6 7. d3 0-0 8. Bd2 a6 9. a3 Rb8 10. Rb1 a5 11. Qc1 Bd7 12. Bh6 Nd4 13. Bxg7 Kxg7 14. Ne1 a4 15. e3 Nb3 16. Qd1 Qa5 17. Nc2 b5 18. cxb5 Bxb5 19. Qe2 Qa6 20. Rfd1 Rfc8 21. h3 e6 22. e4 Bc6 23. Kh2 Nd7 24. f4 f6 25. Qg4 Re8 26. Ne3 Nd4 27. Qh4 h5 28. Nc4 Ba8 29. g4 Rh8 30. g5 Rhf8 31. gxf6+ Rxf6 32. e5 dxe5 33. fxe5 Rf7 34. Ne4 Rbf8 35. Kh1 Rf4 36. Qg3 Bxe4 37. Bxe4 Rxe4 38. Rg1 Rg4 39. hxg4 hxg4 40. Qxg4 Rh8+ 41. Kg2 Nf5 42. Kf2 Rh2+ 43. Rg2 Rh6 44. Rbg1 Qb7 45. Ke1 Nd4 46. Rf1 Qb3 47. Qd1 Qb7 48. Rgf2 Rh3 49. Rf7+ Kh6 50. Qd2+ g5 51. R1f6+ Nxf6 52. Rxb7 Nf3+ 53. Ke2 Nxd2 54. Nxd2 Nd5 55. Ne4 Nf4+ 56. Kf1 Nxd3 57. Rb6 Kg6 58. b4 cxb4 59. axb4 Kf5 60. Nd2 Kxe5 61. b5 Nc5 62. Rb8 Rb3 63. b6 Rb4 64. Ke2 Kd5 65. Ke3 Kc6 66. Nf3 Rb3+ 67. Ke2 Rxb6 68. Rc8+ Kd5 69. Nxg5 a3 70. Rd8+ Kc4 71. Rd1 Rb2+ 72. Ke3 a2 73. Ra1 Nb3 74. Rxa2 Rxa2 75. Nxe6 Ra8 76. Ng5 Nd4 77. Ke4 Re8+ 78. Kf4 Rf8+ 0-1

[Event "Zadar op-A 17th"]
[Site "Zadar"]
[Date "2010.12.15"]
[Round "6"]
[White "Drazic, Sinisa"]
[Black "Ivanov, Stojan Emilov"]
[Result "1-0"]
[WhiteElo "2524"]
[BlackElo "2205"]
[PlyCount "111"]
[EventDate "2010.12.12"]
[EventType "swiss"]
[EventRounds "9"]
[EventCountry "CRO"]
[SourceTitle "CBM 139 Extra"]
[Source "ChessBase"]
[SourceDate "2011.01.05"]
[SourceVersion "1"]
[SourceVersionDate "2011.01.05"]
[SourceQuality "1"]

1. d4 Nf6 2. Bg5 c6 3. c3 Qb6 4. Qb3 Ne4 5. Be3 d5 6. f3 Nf6 7. Nd2 Bf5 8. g4 Bd7 9. Bf2 g6 10. Nh3 Bg7 11. Nf4 h5 12. g5 Nh7 13. h4 Na6 14. e4 Nc7 15. Nd3 0-0 16. Bg3 Ne6 17. Bh3 Rfd8 18. Qxb6 axb6 19. exd5 cxd5 20. Nb4 Bc6 21. 0-0-0 Nhf8 22. Rde1 Ra4 23. a3 Rda8 24. Kb1 Re8 25. f4 Nd8 26. f5 gxf5 27. Bxf5 e6 28. Bc2 Ra8 29. Bd1 Bb5 30. Bxh5 Nc6 31. Re3 Nxb4 32. axb4 Ra7 33. Kc2 Ba4+ 34. Kb1 Rea8 35. Rhe1 Bb5 36. Kc2 Ba4+ 37. Kb1 Ng6 38. Rxe6 Bd7 39. Bxg6 Bxe6 40. Kc2 Ra1 41. Nb1 Bd7 42. Bd3 Ba4+ 43. Kc1 Re8 44. Rxe8+ Bxe8 45. h5 Bf8 46. h6 f6 47. h7+ Kh8 48. gxf6 Bh6+ 49. Kd1 Ba4+ 50. Ke2 Bb5 51. Bxb5 Kxh7 52. Bd3+ Kg8 53. Bg6 Ra2 54. Be5 Rxb2+ 55. Kf3 Ra2 56. f7+ 1-0